00731nam a2200241 i 450000100060000000300090000600500170001500700030003200800410003502000180007608000420009408000420013624500710017825000120024926000510026130000300031249000130034260000400035570000160039570000320041183000130044385200330045617301ES-MaACL20250610152235.0t|010126s1999 sp ||||1| spa d a84-8323-121-2 a78 Bach, Johann Sebastian (1685-1750) a92 Bach, Johann Sebastian (1685-1750)00aVida de Bach / cJohn Butt (ed.) ; traducción de María Condor. a1ª ed. aMadrid : bCambridge University Press, c2000. a384 p. : bil. ; c22 cm.1 aMúsica04aBach, Johann Sebastian, d1685-17501 aButt, John.1 aCóndor Orduña, María.0 aMúsica aES-MaACLjL-24178 bR.129230